Biología 1: la célula: unidad de los seres vivos /
Guardado en:
| Autor Principal: | |
|---|---|
| Otros Autores: | |
| Formato: | Libro |
| Publicado: |
Buenos Aires :
Longseller,
2002
|
| Series: | Serie de Libros Temáticos
|
| Materias: | |
| Etiquetas: |
Agregar Etiqueta
Sin Etiquetas, Sea el primero en etiquetar este registro!
|
| LEADER | 00841nam a22002175a 4500 | ||
|---|---|---|---|
| 001 | CEM.cems013868 | ||
| 005 | 20130424165147.0 | ||
| 008 | 130507s2002##################000#0#####d | ||
| 003 | CEMS | ||
| 020 | |a 9875501328 | ||
| 082 | 0 | 4 | |a 574.8 |
| 100 | 1 | |a Suárez, Hilda | |
| 245 | 1 | 0 | |a Biología 1: la célula: unidad de los seres vivos / |c Hilda Suárez y Ana María Espinoza |
| 260 | |a Buenos Aires : |b Longseller, |c 2002 | ||
| 300 | |a 96 p. | ||
| 490 | 0 | |a Serie de Libros Temáticos | |
| 505 | 0 | |a ¿De qué hablamos cuando hablamos de célula? -- La célula como unidad estructural -- Física y química para comprender la vida -- La célula como unidad funcional -- Individuos de una sola célula | |
| 653 | |a Teoría celular | ||
| 653 | |a Biología | ||
| 700 | 1 | |a Espinoza, Ana María | |
| 859 | |a CEMS |b BIB. CEMS - 11 de abril |h 574.8 |i Su13 |p 26628.13 |t Ej.1 | ||
